Statistics for 50-75 IQ Quiz

Click here to take the quiz!

General Stats

  • This quiz has been taken 212 times
    (171 since last reset)
  • The average score is 12 of 20

Answer Stats

QuestionAnswer% Correct
How many states in the United States50
87%
Capital of Russia?Moscow
87%
China's Pandemic Virus?Covid-19
84%
Full name of the above?Coronavirus
76%
UK uses which currency?Pounds
76%
What are one of the 5 senses?Smell / Taste / Sight / Hear / Touch
75%
6x7+9=51
73%
Something that adults watch in the morning?News
70%
If 1 AUD equals to 50 INR, What is 5 AUD into INR?250
68%
You get Drunk when you drink it.Beer / Wine / Spirit
67%
Capital of Germany?Berlin
61%
Which country has the highest GDP?United States
58%
How many countries in South America? (Excluding French Guiana)12
54%
How many countries with "STAN" at the end?7
46%
What do you call Asia and Europe toghether?Eurasia
43%
Biggest African Country?Algeria
41%
Whats the richest country in Africa?Nigeria
39%
How many Countries in the Carribean? (Excluding Central America)13
32%
One of Indonesia's main Islands?Sumatra / Borneo / Java / Sulawesi / Guinea
32%
Countries which have their own name as their capital.Guatemala / Mexico / Vatican City / San Marino / Singapore / Panama / Luxembourg / Djibouti / Monaco / Kuwait
30%

Score Distribution

Percentile by Number Answered

Percent of People with Each Score

Your Score History

You have not taken this quiz since the last reset